000 00754cam a2200265 4500
001 M1947
008 090401t1987 xxu||||| |||| 00| 0 eng d
035 _a(Sirsi) u35500
041 _aeng
050 _a658.404
100 _aParnell, L.C.
245 2 _aA project manager`s companion guide.
260 _aLondon
_bCASEL
_c1987
300 _av,144p. ; 30cm.
350 _a0
490 _aProject Manual
_v2
520 _aCover title: Project Management.
650 _aBUILT ENVIRONMENT-BUILDING CONTRACT FORMS
650 _aBUILDING INDUSTRY
650 _aMANAGEMENT-PROJECT MANAGEMENT
690 _aProject management
_96261
710 _aCommonwealth Association of Surveying and Land Economy
_92570
942 _n0
948 _c04/03/1997
999 _c90120
_d90120